000 00464cam a2200181ua 4500
001 3213
008 111012n ii |||gr||||Z||||||asm
040 _cMAIN
082 _a891.4513
100 _aChoudhury, Lakshyadhar,
_eAuthor.
245 1 1 _aManuh bichari
_cby Lakshyadhar Choudhury
250 _a2nd.
260 _aGuahati:
_bPublication board assam,992.
300 _axii; 248p:
_c23cm.
653 _aAssamese fiction
653 _aManuh bichari
942 _cBK
999 _c3059
_d3059